000 00574nam a2200229Ia 4500
003 IT-RoPAU
008 120407s9999 xx 000 0 und d
040 _aIT-RoPAU
040 _cIT-RoPAU
041 _aita
100 _aAngelo Di Bernardino
100 _ccur
245 _aDizionario patristico e di antichità cristiane
250 _aRoma
260 _aMarietti
260 _c1983
300 _c24 cm
490 _v1
600 _a" 1° v. A-F 1411 p. 2° v. G-Z 3630 p. 3° v. Atlante patristico - Indici 420 p. "
942 _cBK
999 _c14093
_d14093